ENGLISH DIALOGUES (Record no. 3945)
[ view plain ]
| 000 -LEADER | |
|---|---|
| fixed length control field | 00267nam a22001217a 4500 |
| 082 ## - DEWEY DECIMAL CLASSIFICATION NUMBER | |
| Classification number | 425 |
| Item number | MAR/E |
| 100 ## - MAIN ENTRY--AUTHOR NAME | |
| Personal name | MARTIN |
| 245 ## - TITLE STATEMENT | |
| Title | ENGLISH DIALOGUES |
| 260 ## - PUBLICATION, DISTRIBUTION, ETC. (IMPRINT) | |
| Place of publication | NEW DELHI |
| Name of publisher | S.CHAND & COMPANY LTD. |
| 300 ## - PHYSICAL DESCRIPTION | |
| Number of Pages | 237 |
| 650 ## - SUBJECT ADDED ENTRY--TOPICAL TERM | |
| Topical Term | ENGLISH DIALOGUES |
| Geographic subdivision | INDIA |
| 942 ## - ADDED ENTRY ELEMENTS (KOHA) | |
| Koha item type | Books |
| Withdrawn status | Lost status | Collection code | Home library | Current library | Shelving location | Date acquired | Source of acquisition | Full call number | Accession Number | Koha item type |
|---|---|---|---|---|---|---|---|---|---|---|
| Reference | Main Library | Main Library | SHELF-16D -ENGLISH GRAMMAR ,POEMS | 25/10/2021 | PURCHASE | 425 MAR/E | 12451 | Books |